[Event "Ukrainian Women - 2013"]
[Site "http://ukrchess.org.ua"]
[Date "2013.06.17"]
[Round "1.1"]
[White "Zhukova, Natalia"]
[Black "Gritsayeva, Oksana"]
[Result "1/2-1/2"]
[LiveChessVersion "1.4.2"]
[BlackElo "2340"]
[WhiteElo "2471"]

1. d4 {[%clk 1:30:57]} Nf6 {[%clk 1:30:52]} 2. Nf3 {[%clk 1:31:05]} e6
{[%clk 1:30:56]} 3. e3 {[%clk 1:31:11]} c5 {[%clk 1:30:43]} 4. c4
{[%clk 1:30:20]} cxd4 {[%clk 1:30:29]} 5. exd4 {[%clk 1:30:42]} d5
{[%clk 1:30:54]} 6. Nc3 {[%clk 1:30:36]} Nc6 {[%clk 1:30:14]} 7. Bd3
{[%clk 1:26:59]} dxc4 {[%clk 1:29:18]} 8. Bxc4 {[%clk 1:27:03]} Be7
{[%clk 1:29:30]} 9. O-O {[%clk 1:27:22]} O-O {[%clk 1:29:22]} 10. Re1
{[%clk 1:23:40]} a6 {[%clk 1:25:09]} 11. Bg5 {[%clk 0:47:25]} b5 {[%clk 1:21:19]}
12. Bd3 {[%clk 0:47:32]} Bb7 {[%clk 1:14:36]} 13. a3 {[%clk 0:37:34]} Na5
{[%clk 1:05:37]} 14. Ne5 {[%clk 0:35:48]} Rc8 {[%clk 1:01:32]} 15. Re3
{[%clk 0:29:59]} g6 {[%clk 0:59:42]} 16. Bh6 {[%clk 0:26:19]} Re8
{[%clk 0:52:15]} 17. Rg3 {[%clk 0:23:26]} Bf8 {[%clk 0:45:33]} 18. Bg5
{[%clk 0:20:21]} Bg7 {[%clk 0:38:33]} 19. Ne4 {[%clk 0:07:26]} Bxe4
{[%clk 0:36:28]} 20. Bxe4 {[%clk 0:07:54]} Qc7 {[%clk 0:35:44]} 21. Rc3
{[%clk 0:05:01]} Nc4 {[%clk 0:31:30]} 22. Bxf6 {[%clk 0:02:37]} Bxf6
{[%clk 0:31:54]} 23. Nxc4 {[%clk 0:00:44]} 1/2-1/2

[Event "Ukrainian Women - 2013"]
[Site "http://ukrchess.org.ua"]
[Date "2013.06.17"]
[Round "1.2"]
[White "Gaponenko, Inna"]
[Black "Osmak, Iulija"]
[Result "1/2-1/2"]
[LiveChessVersion "1.4.2"]
[BlackElo "2210"]
[WhiteElo "2393"]

1. c4 {[%clk 1:30:56]} Nf6 {[%clk 1:30:26]} 2. Nc3 {[%clk 1:30:54]} c6
{[%clk 1:30:45]} 3. e4 {[%clk 1:30:48]} e5 {[%clk 1:31:01]} 4. Nf3
{[%clk 0:57:03]} Qa5 {[%clk 1:15:38]} 5. Be2 {[%clk 0:46:00]} Bb4
{[%clk 1:14:32]} 6. Qc2 {[%clk 0:40:06]} O-O {[%clk 1:12:14]} 7. O-O
{[%clk 0:36:56]} Re8 {[%clk 1:08:13]} 8. a3 {[%clk 0:31:51]} Bxc3
{[%clk 1:01:39]} 9. dxc3 {[%clk 0:32:07]} d5 {[%clk 0:57:55]} 10. cxd5
{[%clk 0:28:38]} cxd5 {[%clk 0:58:20]} 11. exd5 {[%clk 0:10:53]} e4
{[%clk 0:53:43]} 12. Nd4 {[%clk 0:11:16]} Qxd5 {[%clk 0:46:57]} 13. Rd1
{[%clk 0:08:26]} Bg4 {[%clk 0:39:17]} 14. Bf4 {[%clk 0:05:17]} Qh5
{[%clk 0:33:58]} 15. h3 {[%clk 0:03:29]} Bxe2 {[%clk 0:34:22]} 16. Qxe2
{[%clk 0:03:41]} Qxe2 {[%clk 0:33:40]} 17. Nxe2 {[%clk 0:04:10]} Nbd7
{[%clk 0:27:35]} 18. Nd4 {[%clk 0:01:20]} Nc5 {[%clk 0:25:23]} 19. Nb5
{[%clk 0:00:44]} Nd3 {[%clk 0:24:34]} 20. Bg3 {[%clk 0:00:42]} Re7
{[%clk 0:20:04]} 21. Rd2 {[%clk 0:00:42]} a6 {[%clk 0:18:57]} 22. Nd4
{[%clk 0:00:43]} Nh5 {[%clk 0:09:09]} 23. Bh2 {[%clk 0:00:56]} g6
{[%clk 0:09:34]} 24. f3 {[%clk 0:00:45]} f5 {[%clk 0:06:11]} 25. fxe4
{[%clk 0:01:10]} fxe4 {[%clk 0:06:37]} 26. Rf1 {[%clk 0:01:33]} Rf7
{[%clk 0:06:38]} 27. Rxf7 {[%clk 0:00:47]} Kxf7 {[%clk 0:07:05]} 28. g4
{[%clk 0:00:42]} Nf6 {[%clk 0:06:08]} 29. Nf3 {[%clk 0:00:31]} Rd8
{[%clk 0:03:53]} 30. Ne5+ {[%clk 0:00:39]} Ke6 {[%clk 0:04:01]} 31. Bg3
{[%clk 0:00:43]} Rd5 {[%clk 0:03:51]} 32. Nc4 {[%clk 0:00:55]} Nd7
{[%clk 0:02:16]} 33. Re2 {[%clk 0:00:46]} N3c5 {[%clk 0:01:55]} 34. b4
{[%clk 0:00:46]} Rd3 {[%clk 0:02:10]} 35. Bf2 {[%clk 0:00:39]} Rxc3
{[%clk 0:02:27]} 36. Nd2 {[%clk 0:00:46]} Nd3 {[%clk 0:02:19]} 37. Nxe4
{[%clk 0:00:50]} Rc1+ {[%clk 0:02:41]} 38. Kh2 {[%clk 0:01:17]} Kd5
{[%clk 0:02:02]} 39. Bg3 {[%clk 0:01:06]} Ra1 {[%clk 0:01:43]} 40. Nc3+
{[%clk 0:30:46]} Kc4 {[%clk 0:32:05]} 41. Re7 {[%clk 0:27:47]} Kxc3
{[%clk 0:26:46]} 42. Rxd7 {[%clk 0:27:47]} Ra2+ {[%clk 0:26:56]} 43. Kg1
{[%clk 0:26:51]} b5 {[%clk 0:23:20]} 44. Rxh7 {[%clk 0:21:34]} Rxa3
{[%clk 0:23:43]} 45. h4 {[%clk 0:17:48]} Nxb4 {[%clk 0:18:36]} 46. h5
{[%clk 0:12:54]} gxh5 {[%clk 0:19:01]} 47. gxh5 {[%clk 0:13:20]} Kd4
{[%clk 0:17:34]} 48. Rg7 {[%clk 0:11:32]} Nd5 {[%clk 0:15:33]} 49. h6
{[%clk 0:03:06]} Nf6 {[%clk 0:15:50]} 50. Bh4 {[%clk 0:01:34]} Ke5
{[%clk 0:13:53]} 51. Re7+ {[%clk 0:00:41]} Kf5 {[%clk 0:13:57]} 52. Rf7
{[%clk 0:00:44]} Rh3 {[%clk 0:14:08]} 53. Rxf6+ {[%clk 0:00:44]} Ke5
{[%clk 0:14:32]} 54. Rxa6 {[%clk 0:01:03]} Rxh4 {[%clk 0:14:56]} 55. Rb6
{[%clk 0:00:39]} Kf5 {[%clk 0:15:10]} 1/2-1/2

[Event "Ukrainian Women - 2013"]
[Site "http://ukrchess.org.ua"]
[Date "2013.06.17"]
[Round "1.3"]
[White "Dolzhykova, Kateryna"]
[Black "Tansiura, Maria"]
[Result "1/2-1/2"]
[LiveChessVersion "1.4.2"]
[BlackElo "2195"]
[WhiteElo "2301"]

1. e4 {[%clk 1:30:52]} e6 {[%clk 1:30:55]} 2. d4 {[%clk 1:30:56]} d5
{[%clk 1:31:20]} 3. Nd2 {[%clk 1:30:10]} Nf6 {[%clk 1:31:42]} 4. e5
{[%clk 1:29:23]} Nfd7 {[%clk 1:31:23]} 5. Bd3 {[%clk 1:27:43]} c5
{[%clk 1:31:35]} 6. c3 {[%clk 1:27:57]} Nc6 {[%clk 1:31:45]} 7. Ne2
{[%clk 1:27:31]} Be7 {[%clk 1:16:46]} 8. O-O {[%clk 1:20:20]} O-O
{[%clk 0:51:41]} 9. f4 {[%clk 1:11:38]} Re8 {[%clk 0:27:55]} 10. Nf3
{[%clk 1:03:08]} Nf8 {[%clk 0:23:48]} 11. Kh1 {[%clk 1:02:31]} cxd4
{[%clk 0:17:26]} 12. cxd4 {[%clk 0:54:53]} Bd7 {[%clk 0:17:50]} 13. g4
{[%clk 0:53:40]} Nb4 {[%clk 0:15:44]} 14. Bb1 {[%clk 0:53:15]} Bb5
{[%clk 0:15:57]} 15. a3 {[%clk 0:46:09]} Qa5 {[%clk 0:12:22]} 16. Bd2
{[%clk 0:31:02]} Qa6 {[%clk 0:12:36]} 17. axb4 {[%clk 0:29:04]} Bxe2
{[%clk 0:13:01]} 18. Rxa6 {[%clk 0:28:33]} Bxd1 {[%clk 0:13:28]} 19. Ra3
{[%clk 0:28:38]} Be2 {[%clk 0:13:47]} 20. Re1 {[%clk 0:19:25]} Bb5
{[%clk 0:13:49]} 21. Rc1 {[%clk 0:17:38]} a6 {[%clk 0:12:05]} 22. Kg2
{[%clk 0:13:25]} Rac8 {[%clk 0:12:10]} 23. Rxc8 {[%clk 0:11:17]} Rxc8
{[%clk 0:12:37]} 24. Rc3 {[%clk 0:11:33]} 1/2-1/2

[Event "Ukrainian Women - 2013"]
[Site "http://ukrchess.org.ua"]
[Date "2013.06.17"]
[Round "1.4"]
[White "Kononenko, Tatiana"]
[Black "Andrenko, Irina"]
[Result "1/2-1/2"]
[LiveChessVersion "1.4.2"]
[BlackElo "2253"]
[WhiteElo "2369"]

1. d4 {[%clk 1:30:56]} Nf6 {[%clk 1:30:53]} 2. c4 {[%clk 1:31:12]} g6
{[%clk 1:31:21]} 3. Nc3 {[%clk 1:31:32]} d5 {[%clk 1:31:45]} 4. cxd5
{[%clk 1:30:31]} Nxd5 {[%clk 1:32:13]} 5. Bd2 {[%clk 1:30:32]} Bg7
{[%clk 1:32:29]} 6. e4 {[%clk 1:30:30]} Nxc3 {[%clk 1:32:53]} 7. Bxc3
{[%clk 1:30:10]} O-O {[%clk 1:33:10]} 8. h3 {[%clk 1:24:43]} c5 {[%clk 1:32:23]}
9. d5 {[%clk 1:23:15]} Bxc3+ {[%clk 1:29:18]} 10. bxc3 {[%clk 1:23:40]} Qd6
{[%clk 1:29:41]} 11. Nf3 {[%clk 1:21:12]} Nd7 {[%clk 1:28:39]} 12. Be2
{[%clk 1:06:11]} e6 {[%clk 1:19:27]} 13. O-O {[%clk 0:56:36]} exd5
{[%clk 1:16:05]} 14. exd5 {[%clk 0:47:20]} Nf6 {[%clk 1:12:44]} 15. c4
{[%clk 0:46:57]} b5 {[%clk 0:56:36]} 16. cxb5 {[%clk 0:40:39]} Bb7
{[%clk 0:53:27]} 17. Nd2 {[%clk 0:27:19]} 1/2-1/2

[Event "Ukrainian Women - 2013"]
[Site "http://ukrchess.org.ua"]
[Date "2013.06.17"]
[Round "1.5"]
[White "Kalinina, Olga"]
[Black "Muzychuk, Mariya"]
[Result "0-1"]
[LiveChessVersion "1.4.2"]
[BlackElo "2484"]
[WhiteElo "2292"]

1. e4 {[%clk 1:30:57]} c5 {[%clk 1:30:50]} 2. Nf3 {[%clk 1:31:22]} Nc6
{[%clk 1:31:04]} 3. d4 {[%clk 1:31:46]} cxd4 {[%clk 1:31:27]} 4. Nxd4
{[%clk 1:32:14]} Nf6 {[%clk 1:31:31]} 5. Nc3 {[%clk 1:32:41]} e5 {[%clk 1:31:52]}
6. Ndb5 {[%clk 1:33:06]} d6 {[%clk 1:32:12]} 7. Bg5 {[%clk 1:33:23]} a6
{[%clk 1:31:57]} 8. Na3 {[%clk 1:33:50]} b5 {[%clk 1:32:20]} 9. Nd5
{[%clk 1:34:15]} Be7 {[%clk 1:32:39]} 10. Bxf6 {[%clk 1:34:36]} Bxf6
{[%clk 1:33:04]} 11. c4 {[%clk 1:34:52]} b4 {[%clk 1:31:54]} 12. Nc2
{[%clk 1:35:12]} a5 {[%clk 1:32:16]} 13. g3 {[%clk 1:35:27]} O-O {[%clk 1:32:30]}
14. h4 {[%clk 1:32:52]} Be6 {[%clk 1:29:17]} 15. b3 {[%clk 1:31:52]} g6
{[%clk 0:44:39]} 16. Bg2 {[%clk 1:20:39]} Bg7 {[%clk 0:42:53]} 17. O-O
{[%clk 1:10:52]} Ra7 {[%clk 0:39:37]} 18. Qd2 {[%clk 0:49:26]} f5
{[%clk 0:34:01]} 19. exf5 {[%clk 0:47:24]} gxf5 {[%clk 0:32:17]} 20. Rad1
{[%clk 0:46:28]} f4 {[%clk 0:18:46]} 21. Nxf4 {[%clk 0:27:02]} exf4
{[%clk 0:19:05]} 22. Bxc6 {[%clk 0:27:19]} Bg4 {[%clk 0:18:30]} 23. Rde1
{[%clk 0:09:48]} Bc3 {[%clk 0:15:50]} 24. Qd5+ {[%clk 0:10:12]} Kh8
{[%clk 0:16:09]} 25. Rb1 {[%clk 0:05:21]} Rg7 {[%clk 0:11:42]} 26. Nd4
{[%clk 0:01:40]} Qf6 {[%clk 0:09:09]} 27. Nf3 {[%clk 0:01:10]} Bh3
{[%clk 0:07:11]} 28. Kh2 {[%clk 0:01:39]} Bxf1 {[%clk 0:06:50]} 29. Rxf1
{[%clk 0:02:08]} fxg3+ {[%clk 0:05:09]} 30. fxg3 {[%clk 0:02:36]} Be5
{[%clk 0:04:51]} 31. Rg1 {[%clk 0:02:42]} Rfg8 {[%clk 0:03:25]} 32. Nxe5
{[%clk 0:02:13]} dxe5 {[%clk 0:03:27]} 33. Qe4 {[%clk 0:00:52]} Rg4
{[%clk 0:03:09]} 34. Qf3 {[%clk 0:01:16]} Rxh4+ {[%clk 0:02:45]} 35. Kg2
{[%clk 0:01:28]} Rf4 {[%clk 0:02:59]} 0-1

[Event "Ukrainian Women - 2013"]
[Site "http://ukrchess.org.ua/"]
[Date "2013.06.18"]
[Round "2.1"]
[White "Zhukova, Natalia"]
[Black "Gaponenko, Inna"]
[Result "1/2-1/2"]
[LiveChessVersion "1.4.2"]
[BlackElo "2393"]
[WhiteElo "2471"]

1. d4 {[%clk 1:30:57]} Nf6 {[%clk 1:30:37]} 2. c4 {[%clk 1:31:09]} g6
{[%clk 1:30:52]} 3. Nc3 {[%clk 1:31:17]} d5 {[%clk 1:30:56]} 4. cxd5
{[%clk 1:31:09]} Nxd5 {[%clk 1:30:34]} 5. e4 {[%clk 1:31:29]} Nxc3
{[%clk 1:30:57]} 6. bxc3 {[%clk 1:31:54]} Bg7 {[%clk 1:31:09]} 7. Nf3
{[%clk 1:31:21]} c5 {[%clk 1:30:58]} 8. Rb1 {[%clk 1:29:55]} O-O {[%clk 1:31:05]}
9. Be2 {[%clk 1:28:41]} cxd4 {[%clk 1:30:37]} 10. cxd4 {[%clk 1:29:04]} Qa5+
{[%clk 1:30:56]} 11. Bd2 {[%clk 1:29:11]} Qxa2 {[%clk 1:30:56]} 12. O-O
{[%clk 1:29:20]} Bg4 {[%clk 1:30:32]} 13. Bg5 {[%clk 1:25:04]} h6
{[%clk 1:29:21]} 14. Be3 {[%clk 1:24:32]} Nc6 {[%clk 1:29:17]} 15. d5
{[%clk 1:22:59]} Bxf3 {[%clk 1:28:59]} 16. Bxf3 {[%clk 1:23:03]} Ne5
{[%clk 1:29:14]} 17. Rxb7 {[%clk 1:21:00]} a5 {[%clk 1:26:52]} 18. Rxe7
{[%clk 1:18:43]} a4 {[%clk 1:26:21]} 19. Bd4 {[%clk 1:15:43]} Nxf3+
{[%clk 1:25:23]} 20. gxf3 {[%clk 1:16:02]} Bxd4 {[%clk 1:25:39]} 21. Qxd4
{[%clk 1:16:20]} a3 {[%clk 1:25:53]} 22. d6 {[%clk 1:14:36]} Qe2 {[%clk 1:25:26]}
23. Kg2 {[%clk 1:14:26]} a2 {[%clk 1:25:32]} 24. Ra1 {[%clk 1:14:02]} Ra3
{[%clk 1:25:39]} 25. Qf6 {[%clk 1:13:16]} Rd3 {[%clk 1:24:48]} 26. d7
{[%clk 1:11:24]} Rd2 {[%clk 1:25:02]} 27. Qb6 {[%clk 1:08:44]} Rd3
{[%clk 1:23:39]} 28. Qf6 {[%clk 1:08:05]} Rd2 {[%clk 1:23:42]} 29. Qb6
{[%clk 1:07:31]} Rd3 {[%clk 1:24:01]} 30. Qf6 {[%clk 1:07:34]} Rd2
{[%clk 1:24:22]} 31. Qb6 {[%clk 1:07:52]} 1/2-1/2

[Event "Ukrainian Women - 2013"]
[Site "http://ukrchess.org.ua/"]
[Date "2013.06.18"]
[Round "2.2"]
[White "Muzychuk, Mariya"]
[Black "Dolzhykova, Kateryna"]
[Result "1-0"]
[LiveChessVersion "1.4.2"]
[BlackElo "2301"]
[WhiteElo "2484"]

1. d4 {[%clk 1:30:51]} Nf6 {[%clk 1:30:14]} 2. c4 {[%clk 1:31:08]} g6
{[%clk 1:29:59]} 3. Nc3 {[%clk 1:31:14]} Bg7 {[%clk 1:30:23]} 4. e4
{[%clk 1:31:22]} d6 {[%clk 1:30:35]} 5. Nf3 {[%clk 1:30:11]} O-O {[%clk 1:30:57]}
6. Be2 {[%clk 1:30:13]} e5 {[%clk 1:30:29]} 7. O-O {[%clk 1:30:07]} exd4
{[%clk 1:28:04]} 8. Nxd4 {[%clk 1:30:22]} c6 {[%clk 1:28:15]} 9. Kh1
{[%clk 1:07:04]} Nbd7 {[%clk 1:22:02]} 10. Bg5 {[%clk 0:58:45]} h6
{[%clk 1:06:36]} 11. Bh4 {[%clk 0:56:42]} Qb6 {[%clk 0:49:57]} 12. Na4
{[%clk 0:42:07]} Qa5 {[%clk 0:46:13]} 13. f3 {[%clk 0:41:31]} d5 {[%clk 0:32:40]}
14. Be1 {[%clk 0:39:39]} Qd8 {[%clk 0:31:05]} 15. exd5 {[%clk 0:39:28]} cxd5
{[%clk 0:29:35]} 16. c5 {[%clk 0:27:29]} Ne5 {[%clk 0:22:57]} 17. Rc1
{[%clk 0:26:28]} Bd7 {[%clk 0:19:59]} 18. b4 {[%clk 0:25:47]} Nc4
{[%clk 0:16:48]} 19. Bf2 {[%clk 0:23:14]} Qe8 {[%clk 0:14:24]} 20. Bxc4
{[%clk 0:21:33]} dxc4 {[%clk 0:12:39]} 21. Nb2 {[%clk 0:20:13]} Nd5
{[%clk 0:09:01]} 22. Re1 {[%clk 0:18:08]} Qd8 {[%clk 0:09:04]} 23. Rxc4
{[%clk 0:18:07]} Qg5 {[%clk 0:07:58]} 24. h4 {[%clk 0:09:40]} Qf6
{[%clk 0:07:29]} 25. Qd2 {[%clk 0:10:02]} Rad8 {[%clk 0:06:14]} 26. Nd3
{[%clk 0:09:49]} Rfe8 {[%clk 0:06:09]} 27. Rcc1 {[%clk 0:09:31]} Bf5
{[%clk 0:05:35]} 28. Rxe8+ Rxe8 29. Nf4 {[%clk 0:07:20]} Be4 {[%clk 0:01:31]} 30.
Nxd5 {[%clk 0:06:14]} Bxd5 {[%clk 0:02:01]} 31. b5 {[%clk 0:05:19]} g5
{[%clk 0:02:18]} 32. c6 {[%clk 0:03:38]} gxh4 {[%clk 0:01:39]} 33. c7
{[%clk 0:02:55]} Rc8 {[%clk 0:01:57]} 34. Qc2 {[%clk 0:02:42]} Qf4
{[%clk 0:01:04]} 35. Ne2 {[%clk 0:02:38]} Qg5 {[%clk 0:01:07]} 36. Qd3
{[%clk 0:02:38]} h3 {[%clk 0:01:11]} 37. gxh3 {[%clk 0:01:46]} Qh5
{[%clk 0:01:41]} 38. Kg2 {[%clk 0:01:58]} Qg5+ {[%clk 0:02:00]} 39. Bg3
{[%clk 0:02:12]} Be6 {[%clk 0:01:15]} 40. Rd1 {[%clk 0:31:11]} Bf6
{[%clk 0:30:46]} 41. Kh2 {[%clk 0:26:05]} Bf5 {[%clk 0:26:32]} 42. Qd5
{[%clk 0:23:35]} Qe3 {[%clk 0:23:33]} 43. Nf4 {[%clk 0:19:34]} Be5
{[%clk 0:05:19]} 44. Re1 {[%clk 0:17:47]} Qxe1 {[%clk 0:05:24]} 45. Bxe1
{[%clk 0:18:01]} Bxf4+ {[%clk 0:05:44]} 46. Bg3 {[%clk 0:17:18]} Rxc7
{[%clk 0:05:43]} 47. Qd8+ {[%clk 0:16:10]} Kg7 {[%clk 0:05:12]} 48. Bxf4
{[%clk 0:16:13]} Rc2+ {[%clk 0:04:23]} 49. Kg3 {[%clk 0:16:33]} Rc8
{[%clk 0:04:33]} 50. Qh4 {[%clk 0:15:50]} 1-0

[Event "Ukrainian Women - 2013"]
[Site "http://ukrchess.org.ua/"]
[Date "2013.06.18"]
[Round "2.3"]
[White "Osmak, Iulija"]
[Black "Kononenko, Tatiana"]
[Result "1/2-1/2"]
[LiveChessVersion "1.4.2"]
[BlackElo "2369"]
[WhiteElo "2210"]

1. e4 {[%clk 1:30:56]} e6 {[%clk 1:30:54]} 2. d4 {[%clk 1:31:19]} d5
{[%clk 1:31:18]} 3. e5 {[%clk 1:31:34]} c5 {[%clk 1:31:37]} 4. c3
{[%clk 1:31:59]} Nc6 {[%clk 1:31:41]} 5. Nf3 {[%clk 1:32:16]} Qb6
{[%clk 1:31:53]} 6. a3 {[%clk 1:32:37]} c4 {[%clk 1:31:48]} 7. Nbd2
{[%clk 1:32:59]} Na5 {[%clk 1:31:37]} 8. Be2 {[%clk 1:33:00]} Bd7
{[%clk 1:30:59]} 9. O-O {[%clk 1:31:13]} Ne7 {[%clk 1:29:50]} 10. Rb1
{[%clk 1:31:13]} Qc7 {[%clk 1:28:29]} 11. Re1 {[%clk 1:30:35]} Nc8
{[%clk 1:24:20]} 12. Nf1 {[%clk 1:30:42]} Nb6 {[%clk 1:23:25]} 13. Bf4
{[%clk 1:30:15]} h6 {[%clk 1:04:00]} 14. h4 {[%clk 1:29:45]} O-O-O
{[%clk 0:56:21]} 15. h5 {[%clk 1:26:47]} Be7 {[%clk 0:51:09]} 16. Qc1
{[%clk 1:18:56]} Rdg8 {[%clk 0:44:33]} 17. N3h2 {[%clk 1:12:03]} Kb8
{[%clk 0:33:24]} 18. Qe3 {[%clk 1:00:28]} Ba4 {[%clk 0:31:24]} 19. Rbc1
{[%clk 0:56:16]} Nb3 {[%clk 0:28:34]} 20. Rcd1 {[%clk 0:55:43]} Na5
{[%clk 0:28:12]} 21. Rd2 {[%clk 0:55:43]} Nb3 {[%clk 0:28:03]} 22. Rdd1
{[%clk 0:56:03]} Na5 {[%clk 0:27:31]} 23. Rd2 {[%clk 0:56:25]} 1/2-1/2

[Event "Ukrainian Women - 2013"]
[Site "http://ukrchess.org.ua/"]
[Date "2013.06.18"]
[Round "2.4"]
[White "Gritsayeva, Oksana"]
[Black "Tansiura, Maria"]
[Result "0-1"]
[LiveChessVersion "1.4.2"]
[BlackElo "2195"]
[WhiteElo "2340"]

1. e4 {[%clk 1:30:57]} g6 {[%clk 1:30:55]} 2. d4 {[%clk 1:30:15]} Bg7
{[%clk 1:31:16]} 3. Nf3 {[%clk 1:29:36]} d6 {[%clk 1:31:15]} 4. Be2
{[%clk 1:26:03]} Nf6 {[%clk 1:31:38]} 5. Nc3 {[%clk 1:26:29]} O-O
{[%clk 1:32:01]} 6. O-O {[%clk 1:26:52]} c6 {[%clk 1:32:27]} 7. a4
{[%clk 1:27:05]} Nbd7 {[%clk 1:31:39]} 8. a5 {[%clk 1:25:08]} e5 {[%clk 1:29:17]}
9. dxe5 {[%clk 1:22:47]} dxe5 {[%clk 1:29:40]} 10. b4 {[%clk 1:20:33]} Qc7
{[%clk 1:25:43]} 11. Ba3 {[%clk 1:17:23]} Rd8 {[%clk 1:23:36]} 12. Qb1
{[%clk 1:10:18]} Nf8 {[%clk 1:03:28]} 13. Rd1 {[%clk 1:02:07]} Bg4
{[%clk 0:58:19]} 14. h3 {[%clk 0:55:14]} Bxf3 {[%clk 0:57:05]} 15. Bxf3
{[%clk 0:55:42]} Ne6 {[%clk 0:57:16]} 16. Be2 {[%clk 0:50:34]} Rd4
{[%clk 0:53:45]} 17. Bd3 {[%clk 0:43:45]} Nf4 {[%clk 0:34:42]} 18. b5
{[%clk 0:41:47]} Qc8 {[%clk 0:33:00]} 19. Kh2 {[%clk 0:38:27]} c5
{[%clk 0:29:49]} 20. Bf1 {[%clk 0:36:15]} Rxe4 {[%clk 0:22:52]} 21. Nxe4
{[%clk 0:34:48]} Nxe4 {[%clk 0:23:18]} 22. g3 {[%clk 0:30:35]} Qf5
{[%clk 0:20:12]} 23. Qb3 {[%clk 0:22:36]} Nh5 {[%clk 0:07:21]} 24. Bg2
{[%clk 0:20:14]} Nxf2 {[%clk 0:06:51]} 25. Rf1 {[%clk 0:17:35]} e4
{[%clk 0:07:14]} 26. Bb2 {[%clk 0:16:59]} c4 {[%clk 0:07:07]} 27. Qe3
{[%clk 0:15:59]} Bxb2 {[%clk 0:07:07]} 28. Rxf2 {[%clk 0:15:59]} Qe6
{[%clk 0:07:07]} 29. Raf1 {[%clk 0:15:59]} Be5 {[%clk 0:07:07]} 30. Kg1
{[%clk 0:15:59]} Nxg3 {[%clk 0:07:07]} 31. Rd1 {[%clk 0:15:59]} f5
{[%clk 0:07:07]} 32. Qc5 {[%clk 0:15:59]} b6 {[%clk 0:07:07]} 33. Qd5
{[%clk 0:15:59]} Qxd5 {[%clk 0:01:04]} 34. Rxd5 {[%clk 0:12:18]} Bc3
{[%clk 0:01:26]} 35. Bf1 {[%clk 0:09:48]} Rc8 {[%clk 0:01:22]} 36. a6
{[%clk 0:08:18]} Rc7 {[%clk 0:01:48]} 37. Kg2 {[%clk 0:08:17]} Be1
{[%clk 0:00:53]} 38. Kxg3 {[%clk 0:06:54]} e3 {[%clk 0:01:21]} 39. Rd8+
{[%clk 0:06:54]} Kf7 {[%clk 0:01:15]} 40. Rb8 {[%clk 0:37:18]} Bxf2+
{[%clk 0:31:25]} 41. Kf3 {[%clk 0:37:37]} c3 {[%clk 0:31:19]} 42. Rb7
{[%clk 0:36:22]} Re7 {[%clk 0:28:48]} 43. Bc4+ {[%clk 0:36:48]} Kf6
{[%clk 0:29:13]} 44. Ke2 {[%clk 0:34:47]} g5 {[%clk 0:26:47]} 45. Bd3
{[%clk 0:34:21]} g4 {[%clk 0:20:14]} 46. hxg4 {[%clk 0:31:32]} fxg4
{[%clk 0:17:43]} 47. Rxe7 {[%clk 0:30:37]} Kxe7 {[%clk 0:17:50]} 48. Bxh7
{[%clk 0:30:27]} g3 {[%clk 0:18:18]} 49. Kf3 {[%clk 0:27:28]} Kd6
{[%clk 0:18:26]} 50. Be4 {[%clk 0:27:04]} Kc5 {[%clk 0:18:54]} 51. Bc6
{[%clk 0:26:21]} Kb4 {[%clk 0:19:23]} 52. Ke2 {[%clk 0:24:38]} Ka3
{[%clk 0:19:50]} 53. Kd3 {[%clk 0:21:10]} Kb2 {[%clk 0:20:16]} 54. Be4
{[%clk 0:20:40]} Kc1 {[%clk 0:20:20]} 0-1

[Event "Ukrainian Women - 2013"]
[Site "http://ukrchess.org.ua/"]
[Date "2013.06.18"]
[Round "2.5"]
[White "Andrenko, Irina"]
[Black "Kalinina, Olga"]
[Result "1-0"]
[LiveChessVersion "1.4.2"]
[BlackElo "2292"]
[WhiteElo "2253"]

1. e4 {[%clk 1:30:57]} c5 {[%clk 1:30:56]} 2. Nf3 {[%clk 1:31:22]} e6
{[%clk 1:31:23]} 3. d4 {[%clk 1:31:48]} cxd4 {[%clk 1:31:49]} 4. Nxd4
{[%clk 1:32:14]} a6 {[%clk 1:32:14]} 5. Nc3 {[%clk 1:32:31]} Qc7 {[%clk 1:32:38]}
6. g3 {[%clk 1:32:47]} Bb4 {[%clk 1:33:03]} 7. Bd2 {[%clk 1:32:57]} Nf6
{[%clk 1:33:19]} 8. Bg2 {[%clk 1:32:53]} Nc6 {[%clk 1:33:44]} 9. Nb3
{[%clk 1:32:29]} Be7 {[%clk 1:33:49]} 10. a4 {[%clk 1:31:20]} b6 {[%clk 1:27:51]}
11. f4 {[%clk 1:30:26]} Bb7 {[%clk 1:24:38]} 12. O-O {[%clk 1:27:39]} Nb4
{[%clk 1:21:09]} 13. Rc1 {[%clk 1:21:10]} Rc8 {[%clk 1:11:32]} 14. Be3
{[%clk 0:55:50]} O-O {[%clk 0:59:54]} 15. Qe2 {[%clk 0:50:55]} d5
{[%clk 0:58:20]} 16. e5 {[%clk 0:47:26]} Ne4 {[%clk 0:58:13]} 17. Nxe4
{[%clk 0:41:50]} dxe4 {[%clk 0:56:41]} 18. c4 {[%clk 0:36:32]} Qc6
{[%clk 0:45:26]} 19. Nd2 {[%clk 0:28:33]} Nd3 {[%clk 0:41:06]} 20. Bxe4
{[%clk 0:20:06]} Nxc1 {[%clk 0:40:44]} 21. Qh5 {[%clk 0:18:59]} g6
{[%clk 0:37:55]} 22. Bxc6 {[%clk 0:19:21]} gxh5 {[%clk 0:38:20]} 23. Bxb7
{[%clk 0:19:46]} Rb8 {[%clk 0:38:37]} 24. Bxa6 {[%clk 0:12:07]} Nd3
{[%clk 0:38:29]} 25. Rb1 {[%clk 0:09:56]} Nb4 {[%clk 0:29:54]} 26. Bb5
{[%clk 0:10:06]} Rfd8 {[%clk 0:22:43]} 27. Ne4 {[%clk 0:09:14]} Nc2
{[%clk 0:18:43]} 28. Bf2 {[%clk 0:09:02]} Nd4 {[%clk 0:18:39]} 29. b4
{[%clk 0:07:32]} Nf3+ {[%clk 0:15:25]} 30. Kg2 {[%clk 0:07:21]} Nd2
{[%clk 0:15:53]} 31. Nxd2 {[%clk 0:07:30]} Rxd2 {[%clk 0:16:22]} 32. Kf3
{[%clk 0:05:41]} Rc2 {[%clk 0:13:16]} 33. Rb3 {[%clk 0:05:35]} Kg7
{[%clk 0:12:00]} 34. h4 {[%clk 0:04:47]} Ra2 {[%clk 0:08:54]} 35. Bd4
{[%clk 0:03:42]} Rd2 {[%clk 0:07:39]} 36. Ke3 {[%clk 0:03:18]} Rg2
{[%clk 0:07:31]} 37. Ke4 {[%clk 0:02:53]} Rd2 {[%clk 0:04:34]} 38. Be3
{[%clk 0:01:30]} Rc2 {[%clk 0:03:03]} 39. a5 {[%clk 0:01:03]} bxa5
{[%clk 0:03:15]} 40. bxa5 {[%clk 0:31:32]} Ra2 {[%clk 0:31:09]} 41. Bb6
{[%clk 0:28:44]} Kg6 {[%clk 0:26:23]} 42. Kd4 {[%clk 0:18:52]} Rd2+
{[%clk 0:24:35]} 43. Rd3 {[%clk 0:14:19]} Rb2 {[%clk 0:21:33]} 44. Kc3
{[%clk 0:14:00]} Rb1 {[%clk 0:16:42]} 45. Kc2 {[%clk 0:13:33]} Re1
{[%clk 0:13:47]} 46. Rd7 {[%clk 0:09:41]} Bb4 {[%clk 0:09:27]} 47. c5
{[%clk 0:04:23]} Ra1 {[%clk 0:09:38]} 48. Bd3+ {[%clk 0:04:24]} Kg7
{[%clk 0:08:33]} 49. a6 {[%clk 0:03:36]} Rc8 {[%clk 0:05:03]} 50. Kb2
{[%clk 0:03:05]} Ra3 {[%clk 0:01:45]} 51. a7 {[%clk 0:01:00]} Rxc5
{[%clk 0:00:47]} 52. Bxc5 {[%clk 0:01:21]} Bxc5 {[%clk 0:01:05]} 53. Rc7
{[%clk 0:01:42]} Bb4 {[%clk 0:00:33]} 54. Be4 {[%clk 0:01:50]} 1-0